Aagolavalkkaranavum krushiyum (Record no. 143040)
[ view plain ]
| 000 -LEADER | |
|---|---|
| fixed length control field | 00531nam a22001817a 4500 |
| 003 - CONTROL NUMBER IDENTIFIER | |
| control field | OSt |
| 020 ## - INTERNATIONAL STANDARD BOOK NUMBER | |
| International Standard Book Number | 8176384259 |
| 082 ## - DEWEY DECIMAL CLASSIFICATION NUMBER | |
| Classification number | 630 |
| Item number | GOP/AA |
| 100 ## - MAIN ENTRY--PERSONAL NAME | |
| Personal name | Gopimony R |
| 245 ## - TITLE STATEMENT | |
| Title | Aagolavalkkaranavum krushiyum |
| Remainder of title | /ആഗോളവൽക്കരണവും കൃഷിയും |
| 260 ## - PUBLICATION, DISTRIBUTION, ETC. (IMPRINT) | |
| Place of publication, distribution, etc | Thiruvananthapuram |
| Name of publisher, distributor, etc | State institute of languages |
| Date of publication, distribution, etc | 2004 |
| 300 ## - PHYSICAL DESCRIPTION | |
| Extent | 165p. |
| 500 ## - GENERAL NOTE | |
| General note | Agolavalkkaranavum krishiyum |
| 546 ## - LANGUAGE | |
| Language note | Malayalam |
| 650 ## - SUBJECT ADDED ENTRY--TOPICAL TERM | |
| Topical term or geographic name as entry element | Globalisation and agriculture |
| 650 ## - SUBJECT ADDED ENTRY--TOPICAL TERM | |
| Topical term or geographic name as entry element | Agriculture |
| 942 ## - ADDED ENTRY ELEMENTS (KOHA) | |
| Source of classification or shelving scheme | Dewey Decimal Classification |
| Koha item type | Books (General) |
| Lost status | Source of classification or shelving scheme | Damaged status | Not for loan | Collection code | Home library | Current library | Shelving location | Date acquired | Cost, normal purchase price | Total Checkouts | Full call number | Barcode | Date last seen | Date last borrowed | Koha item type |
|---|---|---|---|---|---|---|---|---|---|---|---|---|---|---|---|
| Dewey Decimal Classification | General | KAU Central Library, Thrissur | KAU Central Library, Thrissur | General | 01/10/2016 | 65.00 | 1 | 630 GOP/AA | 225284 | 20/12/2017 | 09/11/2017 | Books (General) |
